| 000 | 01112nam a22003137a 4500 | ||
|---|---|---|---|
| 001 | BR9100319 | ||
| 003 | BR-BrBNA | ||
| 005 | 20230928093501.0 | ||
| 007 | ta | ||
| 008 | 230509b bl.||||| |||| 00| 0 por d | ||
| 040 |
_aBR-BrBNA _bpor _cBiblioteca Nacional de Agricultura |
||
| 041 | _a(Por) | ||
| 072 |
_aP34 _b3240 |
||
| 090 | _ 3240 BR9100319 | ||
| 100 | 1 | _aVida, J.B. | |
| 110 | 1 |
_aEscola Superior de Agricultura Luiz de Queiroz, Piracicaba, SP (Brasil) _0Tese (Doutor) |
|
| 245 | 1 | _aObtencao de ectomicorrizas em mudas de Eucalyptus a partir de plantlets e plantulas inoculadas in vitro com Pisolithus tinctorius (Pers.)Coker e Couch | |
| 246 | 1 | _aFormation of ectomycorrhizae en plantlets and seedlings of Eucalyptus inoculated in vitro with Pisolithus tinctorius | |
| 260 | 3 |
_aPiracicaba, SP (Brasil): _c1989. |
|
| 300 | _a177 p. | ||
| 500 | _a20 tables; Summaries (Eng, Por); Bibliography p. 157-177 (118 ref.) | ||
| 650 | _aEUCALIPTO | ||
| 650 | _aSOLO | ||
| 650 | _aMICORRIZA | ||
| 650 | _aINOCULACAO | ||
| 650 | _aSIMBIOSE | ||
| 909 |
_a202309 _bLucia _c55 _dLucia Elande |
||
| 942 | _cBK | ||
| 999 |
_c45266 _d45266 |
||